Nové pravidlá cestnej premávky.

Uložené v:
Podrobná bibliografia
Médium: Kniha
Jazyk:Slovak
Vydané: Bratislava : Nová práca, spol. s r.o., 2002
Vydanie:1. vyd.
Témy:
ISBN: 8088929350 (brož.)
Fyzický popis: 558 s.
Tagy: Pridať tag
Žiadne tagy, Buďte prvý kto otaguje tento záznam!

MARC

LEADER 00000nam a2200000 a 4500
001 000089340
003 SVKK
005 20020417000000.0
008 020327s2002 xo e sloo
020 |a 8088929350 (brož.) 
040 |a SVKKK  |b slo  |c SVKKK  |e AACR2 
041 0 |a slo 
044 |a xo  |c SK 
080 |a 656.1:351.811.122(075)  |2 1997 
245 0 0 |a Nové pravidlá cestnej premávky. 
250 |a 1. vyd. 
260 |a Bratislava :  |b Nová práca, spol. s r.o.,  |c 2002 
300 |a 558 s. 
653 0 |a premávka cestná  |2 SVKKKPH 
653 0 |a pravidlá  |2 SVKKKPH 
653 0 |a testy skúšobné  |2 SVKKKPH 
653 0 |a učebnice  |2 SVKKKPH 
655 7 |a učebnice  |2 SVKKKPH 
910 |a svkkk 
919 |a 80-88929-35-0 
974 |a UH  |d 20020411 
974 |a KL  |d 20020408 
974 |a MI  |d 20020417 
998 |a BK 
090 |g SCKHL  |k Sklad Pribinova prízemie  |a IV.185709  |j 945449  |i 2720174413  |s Absenčne